Zawodnicy Apatora Toruń w XXI wieku - Statystyki

Ogólne statystyki
  • Ten quiz został rozwiązany 111 razy
  • Średni wynik to 13 z 20
Statystyki odpowiedzi
Litera Zawodnicy % Poprawnych
L/Ł Robert Lambert, Krzysztof Lewandowski,Wiktor Lampart, Mateusz Lampkowski, Grigorij Łaguta
98%
D Patryk Dudek, Ales Dryml, Jason Doyle,Stefan Danno
92%
S/Ś Emil Sajfutdinow, Ryan Sullivan,Damian Stachowiak, Martin Smoliński, Justin Stolp, Robert Sawina, Krzysztof Słaboń, Andy Smith, Simon Stead
88%
H Greg Hancock, Rune Holta, Chris Holder,Jack Holder, Nicolai Heiselberg
88%
P Paweł Przedpełski, Łukasz Przedpełski,Emil Pulczyński, Kamil Pulczyński, Bartosz Pietrykowski, Emil Portner, Bjarne Pedersen, Piotr Protasiewicz, Mariusz Puszakowski
86%
K Antoni Kawczyński, Robert Kościecha,Norbert Kościuch, Igor Kopeć-Sobczyński, Robert Księżak, Matej Kus, Edward Kennett, Viktor Kulakov, Dawid Krzyżanowski, Norbert Krakowiak, Marcin Kościelski, Daniel Kaczmarek, Mirosław Kowalik, Przemysław Kłos, Arkadiusz Kalwasiński
85%
J Wiesław Jaguś, Steve Johnston,Michael Jepsen Jensen, Marcin Jaguś, Andreas Jonsson
85%
M Adrian Miedziński, Alan Marcinkowski,Artur Mroczka, Kamil Marciniec, Tobiasz Musielak,
79%
Z/Ź/Ż Karol Ząbik, Matej Zagar, Karol Żupiński,Denis Zieliński
70%
G Tomasz Gollob, Kacper Gomólski
70%
W Grzegorz Walasek, Darcy Ward, Paweł Wolender, Adam Wiśniewski
62%
A Mateusz Affelt, Hans Andersen
62%
R Anders Rowe, Tony Rickardsson, Oskar Rumiński, Aleks Rydlewski
61%
V Martin Vaculik
57%
I Niels K. Iversen
55%
C/Ć Tomasz Chrzanowski, Zbigniew Czerwiński,Damian Celmer, Jason Crump
51%
B Tomasz Bajerski, Maksymilian Bogdanowicz,Kamil Brzozowski
48%
F Oskar Fajfer
35%
N Filip Nizgorski
8%
T Robin Tornqvist
4%
Nie znaleziono quizów pasujących do podanych kryteriów
Rozkład punktacji
Procent ludzi z każdym wynikiem
Percentyl według liczby udzielonych odpowiedzi
Twoja historia wyników
Nie rozwiązałeś tego quizu